Haciendas locales (Record no. 4629)

MARC details
000 -LEADER
campo de control de longitud fija 01092njm a2200253 i 4500
001 - NÚMERO DE CONTROL
campo de control 4629
003 - IDENTIFICADOR DE NÚMERO DE CONTROL
campo de control ES-MaACL
007 - CAMPO FIJO DE DESCRIPCIÓN FÍSICA--INFORMACIÓN GENERAL
campo de control de longitud fija s|r|||||||||||
008 - DATOS DE LONGITUD FIJA--INFORMACIÓN GENERAL
campo de control de longitud fija 070802s1965 sp ||| g ||||||||1|nspa d
100 1# - ENTRADA PRINCIPAL--NOMBRE DE PERSONA
Nombre de persona Villar Palasí, José Luis.
9 (RLIN) 115097
245 10 - MENCIÓN DEL TÍTULO
Título Haciendas locales
Medio [Grabación sonora]
Resto del título : conferencia inaugural /
Mención de responsabilidad, etc. interviene José Luis Villar Palasí.
260 ## - PUBLICACIÓN, DISTRIBUCIÓN, ETC.
Lugar de publicación, distribución, etc. Madrid :
Nombre del editor, distribuidor, etc. Ateneo de Madrid,
Fecha de publicación, distribución, etc. 1965.
300 ## - DESCRIPCIÓN FÍSICA
Extensión 1 disco (CD-DA) (39 min. 20 seg.) ;
Dimensiones 12 cm.
490 1# - MENCIÓN DE SERIE
Mención de serie I Curso del seminario de estudios municipalistas
500 ## - NOTA GENERAL
Nota general Datos basados en la invitación.
518 ## - NOTA DE FECHA/HORA Y LUGAR DE UN ACONTECIMIENTO
Nota de fecha/hora y lugar de un acontecimiento Acto organizado por el Aula de Literatura del Ateneo de Madrid, grabado en el salón de actos el lunes 24 de mayo de 1965.
610 24 - PUNTO DE ACCESO ADICIONAL DE MATERIA--NOMBRE DE ENTIDAD CORPORATIVA
Nombre de entidad corporativa o nombre de jurisdicción como elemento de entrada Ateneo de Madrid-
Subdivisión general Actos culturales-
Subdivisión cronológica 1965-
Subdivisión de forma Grabaciones sonoras.
9 (RLIN) 1879
650 17 - PUNTO DE ACCESO ADICIONAL DE MATERIA--TÉRMINO DE MATERIA
Término de materia o nombre geográfico como elemento de entrada Hacienda local
Fuente del encabezamiento o término embne
9 (RLIN) 13277
710 2# - ENTRADA AGREGADA--NOMBRE DE ENTIDAD CORPORATIVA
Nombre de entidad corporativa o nombre de jurisdicción como elemento de entrada Ateneo de Madrid.
Unidad subordinada Aula de Literatura.
9 (RLIN) 1943
830 0# - PUNTO DE ACCESO ADICIONAL DE SERIE-TÍTULO UNIFORME
Título uniforme I Curso del seminario de estudios municipalistas
9 (RLIN) 227673
852 ## - LOCALIZACIÓN
Ubicación ES-MaACL
Número de control de estantería ROT 3/1/31
itemnumber 4746
Ubicación en estantería Rotativo
942 ## - ELEMENTOS DE ENTRADA SECUNDARIOS (KOHA)
Fuente del sistema de clasificación o colocación Clasificación decimal universal
Holdings
Estatus retirado Estado de pérdida Fuente del sistema de clasificación o colocación Estado de daño No para préstamo Colección Biblioteca de origen Biblioteca actual Ubicación en estantería Fecha de adquisición Total de préstamos Signatura topográfica completa Código de barras Visto por última vez Precio de reemplazo Tipo de ítem Koha
    Clasificación decimal universal     Archivo de la palabra Biblioteca del Ateneo de Madrid Biblioteca del Ateneo de Madrid Rotativo 17/01/2008   ROT 3/1/31 1004692 23/02/2023 23/02/2023 Archivo de ordenador en CD-ROM, CD o disquete